[Event "European Rapid 2017"]
[Site "Katowice POL"]
[Date "2017.12.17"]
[Round "11.99"]
[White "Jaroch, Karol"]
[Black "Dzierzak, Radoslaw"]
[Result "1/2-1/2"]
[WhiteElo "2252"]
[BlackElo "2237"]
[WhiteFideId "1130609"]
[BlackFideId "1161407"]
[EventDate "2017.12.16"]

1. c4 Nf6 2. g3 e6 3. Bg2 d5 4. Nf3 Be7 5. O-O O-O 6. d4 dxc4 7. Qc2 a6 8. Ne5
Qxd4 9. Nxc4 Nd5 10. a3 b5 11. Na5 Qb6 12. b4 Bf6 13. Ra2 c6 14. Rd1 Rd8 15. e4
Ne7 16. Be3 Bd4 17. Bxd4 Rxd4 18. Rxd4 Qxd4 19. Nc3 e5 20. Qc1 Be6 21. Rd2 Qb6
22. Qd1 Nd7 23. Rxd7 Bxd7 24. Qxd7 Kf8 25. Qd2 Rd8 26. Qb2 Rd6 27. Nb3 Qd8 28.
Bf1 Ng6 29. Qe2 Qg5 30. Qe3 Qxe3 31. fxe3 Ne7 32. Kf2 Nc8 33. Ke2 Nb6 34. Ke1
Rd8 35. Nc5 Ra8 36. Nb3 Ke7 37. Bd3 Kd6 38. Ke2 Nd7 39. a4 Nb6 40. Nc5 Nd7 41.
Nxd7 Kxd7 42. a5 Kd6 43. Kd2 Rc8 44. Be2 Rh8 45. Bd1 h5 46. h3 h4 47. g4 g5 48.
Bb3 f6 49. Kc2 Rc8 50. Kd3 Rc7 51. Kd2 Rc8 52. Na2 Rc7 53. Nc1 Ra7 54. Nd3 Ra8
55. Nc5 Ke7 56. Be6 Kd6 57. Bf5 Ke7 58. Kc3 Kd6 59. Nd7 Ke7 60. Kc2 Ra7 61. Nb6
Kd8 62. Bc8 Ke7 63. Kc3 Kd8 64. Bf5 Rc7 65. Kb2 Ra7 66. Be6 Rc7 67. Bf5 Ra7 68.
Nc8 Ra8 69. Nd6 Ke7 70. Nb7 Rb8 71. Nc5 Ra8 72. Bd7 Kd6 73. Kc3 Ra7 74. Bc8 Kc7
75. Bxa6 Kb8 76. Kc2 Kc7 77. Ne6+ Kd6 78. Nc5 Kc7 79. Kc3 Kb8 80. Kd3 Kc7 81.
Kc3 Kb8 82. Kd3 Kc7 83. Kc2 Kb8 84. Kb2 Kc7 85. Kc3 Kb8 86. Kb3 Kc7 87. Kc3 Kb8
88. Kb3 1/2-1/2

[Event "European Rapid 2017"]
[Site "Katowice POL"]
[Date "2017.12.17"]
[Round "11.100"]
[White "Fedotov, Konstantin"]
[Black "Kashtanov, Ruslan"]
[Result "1-0"]
[BlackTitle "IM"]
[WhiteElo "2017"]
[BlackElo "2376"]
[WhiteFideId "4145895"]
[BlackFideId "4124871"]
[EventDate "2017.12.16"]

1. e4 c5 2. Nc3 a6 3. g3 b5 4. Bg2 Bb7 5. d4 cxd4 6. Qxd4 Nc6 7. Qe3 Nf6 8. Nf3
d6 9. O-O e6 10. Rd1 Qc7 11. Qe2 Be7 12. Ng5 h6 13. Nh3 Rc8 14. f4 e5 15. Be3
Na5 16. a3 Nc4 17. Bc1 Qb8 18. Rd3 Bc6 19. b3 Nb6 20. Be3 Nbd7 21. Nf2 Nc5 22.
Bxc5 dxc5 23. fxe5 Qxe5 24. Ng4 Nxg4 25. Qxg4 O-O 26. Rf1 Rcd8 27. Rf5 Qe6 28.
Nd5 Bg5 29. Rxg5 hxg5 30. Qxe6 fxe6 31. Ne7+ Kf7 32. Nxc6 Rxd3 33. cxd3 Rc8 34.
e5 Ke8 35. Kf2 Kd7 36. Na5 Kc7 37. Ke3 Kb6 38. Nb7 g4 39. Nd6 Rh8 40. Bb7 Rxh2
41. Bc8 Rh6 42. Kf4 a5 43. Kxg4 a4 44. bxa4 b4 45. axb4 cxb4 46. Nc4+ Kc5 47. a5
Rh8 48. Bb7 Rd8 49. a6 Rxd3 50. a7 Rd8 1-0